[Event "AUT-chT2S 9798"]
[Site "Austria"]
[Date "1997.10.05"]
[Round "2"]
[White "Staudner, Oliver"]
[Black "Genser, Harald"]
[Result "1/2-1/2"]
[WhiteElo "2340"]
[BlackElo "2145"]

1.e4 c5 2.Nf3 d6 3.Nc3 Nf6 4.d4 cxd4 5.Nxd4 Nc6 6.Bg5 e6 7.Bb5 Bd7 8.Bxc6 bxc6
9.Qf3 e5 10.Nf5 Bxf5 11.Qxf5 Qd7 12.Qf3 Qg4 13.Qxg4 Nxg4 14.h3 Nf6 15.O-O-O Nd7
16.Be3 Nb6 17.b3 Be7 18.Rd3 O-O-O 19.Rhd1 Kc7 20.Ne2 h6 21.c4 Bg5 22.Bxg5 hxg5
23.Nc3 a5 24.R1d2 Rd7 25.Nd1 Rh4 26.f3 Rh8 27.Ne3 g6 28.Rc3 c5 29.Rcd3 Rf8
30.Nd1 Kc6 31.Nc3 Rfd8 32.Kd1 Na8 33.Nd5  1/2-1/2

[Event "Budapest FS10 IM-B"]
[Site "Budapest"]
[Date "1997.10.11"]
[Round "7"]
[White "Le Thi Phuong Lien"]
[Black "Kittler, Thorsten"]
[Result "1/2-1/2"]
[WhiteElo "2265"]
[BlackElo "2255"]

1.e4 c5 2.Nf3 Nc6 3.d4 cxd4 4.Nxd4 d6 5.Nc3 Nf6 6.Bg5 a6 7.Qd2 Bd7 8.O-O-O b5
9.Nxc6 Bxc6 10.Qe1 b4 11.Nd5 Bxd5 12.exd5 Qb8 13.Bc4 Nd7 14.Qe2 h6 15.Bh4 g5
16.Bg3 Bg7 17.f4 Nc5 18.Bf2 Qc7 19.Bd4 Bxd4 20.Rxd4 Qb6 21.Re1 Ra7 22.Qg4 Kd8
23.Rd2 f6 24.Rde2 a5 25.h4 h5 26.Qf5 gxh4 27.Qg6 a4 28.Rxe7 Rxe7 29.Rxe7 Kxe7
30.Qg7+ Kd8 31.Qxh8+ Kc7 32.Qxf6 Nd7 33.Qxh4 Qe3+ 34.Kd1 Qd4+ 35.Bd3 Qxb2
36.f5 Qxa2 37.Qxb4 Qxd5 38.Qxa4 Qxg2 39.Qc4+ Qc6 40.Ke2 Qxc4 41.Bxc4 Ne5
42.Bd5 Kd7 43.Ke3 Ke7 44.Kf4 Kf6 45.Be4 Nf7 46.Bf3 h4 47.Bg2 Nh6 48.Bh3 d5
49.c3 Ng8 50.Bg2 Ne7 51.Bxd5  1/2-1/2

[Event "Owens Corning"]
[Site "Wrexham"]
[Date "1997.10.19"]
[Round "6"]
[White "Van den Doel, Erik"]
[Black "Bellin, Robert"]
[Result "1-0"]
[WhiteElo "2440"]
[BlackElo "2400"]

1.e4 c5 2.Nf3 d6 3.d4 cxd4 4.Nxd4 Nf6 5.Nc3 Nc6 6.Bg5 Bd7 7.Be2 Qa5 8.Bxf6 gxf6
9.O-O Nxd4 10.Qxd4 Rg8 11.Nd5 Bg7 12.Qd3 Bc6 13.b4 Qd8 14.Rad1 a6 15.Qh3 Kf8
16.Bc4 Rc8 17.Bb3 Be8 18.Rfe1 a5 19.bxa5 Rc5 20.f4 e6 21.Ne3 Qxa5 22.f5 Bd7
23.Kh1 exf5 24.Qg3 Re5 25.Nc4 Qc7 26.Nxe5 fxe5 27.Qd3 fxe4 28.Rxe4 Bc6 29.Rg4 h5
30.Rg5  1-0

[Event "Budapest FS11 IM-A"]
[Site "Budapest"]
[Date "1997.11.02"]
[Round "1"]
[White "Le Thi Phuong Lien"]
[Black "Toth, Andras"]
[Result "0-1"]
[WhiteElo "2265"]
[BlackElo "2280"]

1.e4 c5 2.Nf3 Nc6 3.d4 cxd4 4.Nxd4 Nf6 5.Nc3 d6 6.Bg5 e6 7.Qd2 a6 8.O-O-O Bd7
9.f4 b5 10.Nxc6 Bxc6 11.e5 dxe5 12.Qxd8+ Rxd8 13.Rxd8+ Kxd8 14.fxe5 h6 15.Be3 Nd7
16.Bd4 g5 17.a4 b4 18.Na2 a5 19.Bb5 Bxb5 20.axb5 Bg7 21.Re1 Ke7 22.c4 b3
23.Nc3 Rc8 24.c5 Nxc5 25.Kd2 Rd8 26.Ke3 Nd7 27.Ke4 f6 28.exf6+ Nxf6+ 29.Bxf6+ Bxf6
30.Ke3 Bxc3 31.bxc3 a4 32.Rb1 Ra8 33.Kd2 a3 34.Kc1 b2+  0-1

[Event "RUS-Cup01 Chigorin mem"]
[Site "St Petersburg"]
[Date "1997.11.04"]
[Round "4"]
[White "Kobalija, Mihail"]
[Black "Aseev, Konstantin N"]
[Result "1/2-1/2"]
[WhiteElo "2495"]
[BlackElo "2545"]

1.e4 c5 2.Nf3 d6 3.d4 cxd4 4.Nxd4 Nf6 5.Nc3 Nc6 6.Bg5 e6 7.Qd2 Be7 8.O-O-O O-O
9.f4 Nxd4 10.Qxd4 a6 11.Bc4 Qc7 12.Bb3 Rd8 13.e5 dxe5 14.Qxe5 Qb6 15.Qe2 Bd7
16.f5 Qc5 17.Bxf6 Bxf6 18.fxe6 Bxe6 19.Bxe6 Bxc3  1/2-1/2

[Event "Budapest FS11 IM-B"]
[Site "Budapest"]
[Date "1997.11.06"]
[Round "5"]
[White "Martic, Zlatko"]
[Black "Madl, Ildiko"]
[Result "1/2-1/2"]
[WhiteElo "2320"]
[BlackElo "2375"]

1.e4 c5 2.Nf3 d6 3.d4 cxd4 4.Nxd4 Nf6 5.Nc3 Nc6 6.Bg5 e6 7.Bb5 Qb6 8.O-O Be7
9.Kh1 O-O 10.Nb3 Nxe4 11.Nxe4 Qxb5 12.Bxe7 Nxe7 13.Nxd6  1/2-1/2

[Event "Budapest FS11 IM-B"]
[Site "Budapest"]
[Date "1997.11.08"]
[Round "7"]
[White "Pinter, Gabor"]
[Black "Madl, Ildiko"]
[Result "0-1"]
[WhiteElo "2155"]
[BlackElo "2375"]

1.e4 c5 2.Nf3 Nc6 3.d4 cxd4 4.Nxd4 Nf6 5.Nc3 d6 6.Bg5 e6 7.Qd2 a6 8.O-O-O Qb6
9.Nb3 Bd7 10.Kb1 Qc7 11.Be2 h6 12.Bxf6 gxf6 13.Bh5 Rh7 14.f4 O-O-O 15.Rhe1 Kb8
16.Qf2 Na5 17.f5 Be7 18.Nxa5 Qxa5 19.Bg4 h5 20.Bh3 Qc5 21.Qxc5 dxc5 22.fxe6 fxe6
23.Ne2 Kc7 24.Nf4 Bd6 25.Rf1 Re8 26.a3 Rh6 27.Rd2 Bc8 28.Rdf2 c4 29.Rd1 Be5
30.b3 b5 31.Ka2 Kc6 32.Kb1 a5 33.Ka2 Kc5 34.Rff1 h4 35.Kb1 Rh7 36.Ng6 Bb7
37.Nxe5 fxe5 38.Rf6 cxb3 39.cxb3 Bxe4+ 40.Kb2 Bd5 41.Rd2 b4 42.a4 Kd6 43.Bf5 Rg7
44.Rg6 Rxg6 45.Bxg6 Rg8 46.Be4 Kc5 47.Bf3 e4 48.Bd1 e3 49.Rc2+ Kd4 50.Bf3 Bxf3
51.gxf3 Kd3  0-1

[Event "Budapest FS11 IM-B"]
[Site "Budapest"]
[Date "1997.11.10"]
[Round "9"]
[White "Rodriguez Lopez, Rafael"]
[Black "Madl, Ildiko"]
[Result "0-1"]
[WhiteElo "2325"]
[BlackElo "2375"]

1.e4 c5 2.Nf3 d6 3.d4 cxd4 4.Nxd4 Nf6 5.Nc3 Nc6 6.Bg5 e6 7.Qd2 a6 8.O-O-O Bd7
9.f3 Be7 10.h4 Rc8 11.g4 Ne5 12.Kb1 a5 13.Be3 b5 14.Bd3 Nc4 15.Bxc4 Rxc4
16.g5 Nh5 17.Rhg1 Qc7 18.Nce2 O-O 19.b3 Rc5 20.f4 Rc8 21.Rc1 Qb7 22.Qd3 Bf8
23.f5 e5 24.Nf3 Rc4 25.Nd2 Bxf5 26.exf5 e4 27.Nxe4 Rxe4 28.Nc3 Re5 29.Rcf1 b4
30.Na4 Qe4 31.Bd4 Nf4 32.Rxf4 Qxf4 33.Bxe5 dxe5 34.g6 Qd4 35.Qg3 Qe4 36.gxf7+ Kxf7
37.Rg2 Qf4 38.Qd3 Qd4 39.Qf3 e4 40.Qg4 Rd8 41.Rg1 Be7  0-1

[Event "Budapest FS11 IM-A"]
[Site "Budapest"]
[Date "1997.11.10"]
[Round "9"]
[White "Le Thi Phuong Lien"]
[Black "Gonzalez Garcia, Jose"]
[Result "0-1"]
[WhiteElo "2265"]
[BlackElo "2420"]

1.e4 c5 2.Nf3 d6 3.d4 cxd4 4.Nxd4 Nf6 5.Nc3 Nc6 6.Bg5 e6 7.Qd2 Be7 8.O-O-O O-O
9.f4 Nxd4 10.Qxd4 Qa5 11.e5 dxe5 12.fxe5 Rd8 13.Qf4 Rxd1+ 14.Kxd1 Nd5 15.Nxd5 Qxd5+
16.Kc1 Bxg5 17.Qxg5 Bd7 18.Bd3 Qxa2 19.Rf1 Be8 20.Qh4 g6 21.Qb4 b5 22.h4 Rd8
23.Rf2 Qd5 24.Qf4 Qd4 25.Qf6 Rd5 26.Re2 Qc5 27.Kd2 Qb4+ 28.Kc1 Qc5 29.Kd2 b4
30.h5 b3 31.c3 Bb5 32.Re3 Qc4 33.Qf3 Qh4 34.hxg6 hxg6 35.Qg3 Qh6 36.Ke2 Qh5+
37.Qf3 Bxd3+ 38.Rxd3 Rxe5+ 39.Re3 Qg5 40.Rxe5 Qxe5+ 41.Kd3 Qb5+ 42.Kd2 Kg7
43.Qe4 Qd5+ 44.Ke3 Qxe4+ 45.Kxe4 Kf6 46.Kd4 Ke7 47.Kc4 Kd6 48.Kxb3 Kc5 49.Kc2 a5
50.b3 f5 51.Kd3 e5 52.Ke3 g5 53.Kf3 Kb5  0-1

[Event "Budapest FS11 IM-A"]
[Site "Budapest"]
[Date "1997.11.12"]
[Round "11"]
[White "Toth, Andras"]
[Black "Grabics, Monika"]
[Result "0-1"]
[WhiteElo "2280"]
[BlackElo "2330"]

1.e4 c5 2.Nf3 Nc6 3.d4 cxd4 4.Nxd4 Nf6 5.Nc3 d6 6.Bg5 e6 7.Qd2 a6 8.O-O-O h6
9.Bf4 Bd7 10.Nxc6 Bxc6 11.Qe1 Be7 12.e5 Nh5 13.Be3 Qc7 14.Be2 g6 15.Bxh5 gxh5
16.Bd4 Rg8 17.Qe3 Bxg2 18.Rhg1 O-O-O 19.Bb6 Bg5 20.f4 Bxf4 21.Qxf4 Qxb6 22.exd6 f5
23.Qe5 Kb8 24.Qxe6 f4 25.Qe5 f3 26.d7+ Qc7 27.Qxc7+ Kxc7 28.Nd5+ Kxd7 29.Nf6+ Ke6
30.Nxg8 Rxd1+ 31.Rxd1 f2 32.Kd2 f1=Q 33.Rxf1 Bxf1 34.Ke3 Bh3 35.Kf4 Kf7 36.Nxh6+ Kg6
37.Ng8 Be6  0-1

[Event "AUT-chT2S 9798"]
[Site "Austria"]
[Date "1997.11.16"]
[Round "4"]
[White "Mazi, Leon"]
[Black "Wittmann, Walter"]
[Result "1-0"]
[WhiteElo "2365"]
[BlackElo "2405"]

1.e4 c5 2.Nf3 d6 3.d4 cxd4 4.Nxd4 Nf6 5.Nc3 Nc6 6.Bg5 Bd7 7.Bxf6 gxf6 8.Nf5 Qa5
9.Bd3 Nb4 10.O-O Nxd3 11.Qxd3 Rc8 12.Rfe1 Qc5 13.Rad1 Kd8 14.Rd2 a6 15.Red1 Rg8
16.Qh3 h6 17.Nd5 Rg5 18.Qf3 Rc6 19.Nfe3 b5 20.c3 h5 21.h3 Be6 22.b4 Qa7 23.e5 Bd7
24.Nxe7 Bxe7 25.exd6 Bxd6 26.Qxf6+ Be7 27.Qxc6  1-0

[Event "AUT-chT2S 9798"]
[Site "Austria"]
[Date "1997.11.16"]
[Round "4"]
[White "Demuth, Markus"]
[Black "Scheck, Rudolf"]
[Result "1/2-1/2"]
[WhiteElo "2230"]
[BlackElo "2180"]

1.e4 c5 2.Nf3 d6 3.d4 cxd4 4.Nxd4 Nf6 5.Nc3 Nc6 6.Bg5 e6 7.Qd2 a6 8.O-O-O h6
9.Bf4 Bd7 10.Bg3 Be7 11.Nb3 e5 12.Bh4 g5 13.Bg3 Be6 14.f3 Na5 15.Nd5 Nxb3+
16.axb3 Nxd5 17.exd5 Bf5 18.Qb4 Qd7  1/2-1/2

[Event "GER-ch"]
[Site "Gladenbach"]
[Date "1997.11.17"]
[Round "1"]
[White "Zude, Arno"]
[Black "Paehtz, Thomas Jr"]
[Result "1-0"]
[WhiteElo "2395"]
[BlackElo "2135"]

1.e4 c5 2.Nf3 d6 3.d4 cxd4 4.Nxd4 Nf6 5.Nc3 Nc6 6.Bg5 e6 7.Qd2 a6 8.O-O-O h6
9.Be3 Be7 10.f4 Nxd4 11.Bxd4 b5 12.Be2 b4 13.Na4 Nxe4 14.Qe3 d5 15.Bxg7 Rg8
16.Bd4 Qc7 17.Bd3 Bb7 18.g3 Qc6 19.b3 f5 20.Kb1 O-O-O 21.Bxe4 fxe4 22.Be5 Bd6
23.Qd4 Bxe5 24.fxe5 a5 25.Rhf1 Rgf8 26.Rf6 Rxf6 27.exf6 Qd6 28.Qa7 Rf8 29.Nc5 Rf7
30.Nxe4 Qc6 31.Qxa5 e5 32.Nc5  1-0

[Event "GER-ch"]
[Site "Gladenbach"]
[Date "1997.11.18"]
[Round "2"]
[White "Paehtz, Thomas Jr"]
[Black "Buhr, Carl Christian"]
[Result "1-0"]
[WhiteElo "2135"]
[BlackElo "2340"]

1.e4 c5 2.Nf3 d6 3.d4 cxd4 4.Nxd4 Nf6 5.Nc3 Nc6 6.Bg5 e6 7.Qd2 a6 8.O-O-O h6
9.Be3 Bd7 10.f3 b5 11.Bd3 Rb8 12.Nxc6 Bxc6 13.Ne2 e5 14.Kb1 Be7 15.c4 Nd7
16.cxb5 axb5 17.Rc1 Ba8 18.Ng3 Nc5 19.Nf5 Ne6 20.Rhd1 g6 21.Nxh6 Kf8 22.Ng4 Kg7
23.Bc2 Bb7 24.Bb3 Bc8 25.h3 Qe8 26.Nf2 f5 27.Nd3 Rh4 28.g3 Rxh3 29.Rh1 Rxh1
30.Rxh1 Nd4 31.Bh6+  1-0

[Event "FIDE Candidates (Women)"]
[Site "Groningen"]
[Date "1997.12.10"]
[Round "2"]
[White "Arakhamia, Ketevan"]
[Black "Ioseliani, Nana"]
[Result "1-0"]
[WhiteElo "2430"]
[BlackElo "2520"]

1.e4 c5 2.Nf3 Nc6 3.d4 cxd4 4.Nxd4 Nf6 5.Nc3 d6 6.Bg5 e6 7.Qd2 a6 8.O-O-O h6
9.Be3 Be7 10.f4 Nxd4 11.Bxd4 b5 12.Qe3 Bb7 13.Bxf6 gxf6 14.f5 Qd7 15.Kb1 O-O-O
16.fxe6 fxe6 17.g3 b4 18.Ne2 e5 19.Nc1 Qc6 20.Bd3 Kb8 21.Nb3 Rc8 22.Na5 Qc5
23.Qxc5 Rxc5 24.Nxb7 Kxb7 25.Be2 a5 26.Bg4 Kc7 27.Be6 a4 28.Rd3 Rb8 29.Rf1 Kd8
30.g4 Kc7 31.Rh3 Rh8 32.Rff3 Rb5 33.c3 Rb6 34.cxb4 Rxb4 35.Rc3+ Kb8 36.Bd5 Bd8
37.Rc6 Rb6 38.Rc4 Ra6 39.Rb4+  1-0

[Event "CZE-chT 9798"]
[Site "CZE"]
[Date "1997.12.13"]
[Round "3"]
[White "Antoniewski, Rafal"]
[Black "Babula, Vlastimil"]
[Result "1/2-1/2"]
[WhiteElo "2435"]
[BlackElo "2555"]

1.e4 c5 2.Nf3 d6 3.d4 cxd4 4.Nxd4 Nf6 5.Nc3 Nc6 6.Bg5 e6 7.Qd2 Be7 8.O-O-O O-O
9.f4 Nxd4 10.Qxd4 Qa5 11.Bc4 Bd7 12.e5 dxe5 13.fxe5 Bc6 14.Rhe1 Nd5 15.Bd2 Nxc3
16.Bxc3 Qc5 17.Qg4 Rad8 18.Bd3 Bb5 19.Bxb5 Qxb5 20.Qe4 Rxd1+ 21.Rxd1 Rd8
22.Rd3 Bg5+ 23.Kb1 Rxd3 24.cxd3 a6 25.h4 Bd8 26.Kc2 Qd5 27.Qxd5 exd5 28.h5 Kf8
29.Bb4+ Ke8 30.Kc3 Kd7 31.Bf8 g6 32.hxg6 hxg6 33.a4 Ke6 34.d4 f5 35.exf6 Kxf6
36.Bh6  1/2-1/2

[Event "FIDE Candidates (Women)"]
[Site "Groningen"]
[Date "1997.12.20"]
[Round "10"]
[White "Arakhamia, Ketevan"]
[Black "Galliamova, Alisa"]
[Result "0-1"]
[WhiteElo "2430"]
[BlackElo "2445"]

1.e4 c5 2.Nf3 Nc6 3.d4 cxd4 4.Nxd4 Nf6 5.Nc3 d6 6.Bg5 e6 7.Qd2 a6 8.O-O-O Bd7
9.f4 b5 10.Bxf6 gxf6 11.Kb1 b4 12.Nce2 Qb6 13.g3 Rc8 14.Bg2 a5 15.Rhe1 a4
16.Nxc6 Qxc6 17.Nd4 Qc5 18.Re3 Be7 19.c3 Rb8 20.cxb4 Qxb4 21.Qxb4 Rxb4 22.Rc3 Rb6
23.f5 Bd8 24.Bf3 O-O 25.g4 Kg7 26.Nc2 Ra6 27.Be2 Rb6 28.Na3 Be7 29.Rc7 d5
30.Nc2 Rd8 31.fxe6 Rxe6 32.Rxd5 Bc6 33.Nd4 Bxd5 34.Nxe6+ Bxe6 35.Rxe7 Rd4
36.Ra7 Rxe4 37.Bb5 Bxg4 38.Bxa4 f5 39.Bb3 Bh5 40.Ra5 Bg6 41.Kc1 Re1+ 42.Kd2 Rh1
43.Re5 Rxh2+ 44.Re2 Rh3 45.Bc4 f4 46.a4 f3 47.Rf2 Be4 48.b4 Kf6 49.a5 Ke5
50.Kc3 Kf4 51.b5 Ke3 52.Rf1 f2 53.a6 Bg2 54.Ra1 Rh4 55.Bf1 Rh1 56.a7 Rxf1
57.Rxf1 Ke2 58.Rxf2+ Kxf2 59.Kd4 h5  0-1

[Event "Rishon Le Ziyyon 9798"]
[Site "Rishon Le Ziyyon"]
[Date "1997.12.25"]
[Round "1"]
[White "Botvinnik, Ilia"]
[Black "Greenfeld, Alon"]
[Result "0-1"]
[WhiteElo "2350"]
[BlackElo "2540"]

1.e4 c5 2.Nf3 Nc6 3.d4 cxd4 4.Nxd4 Nf6 5.Nc3 d6 6.Bg5 e6 7.Qd2 a6 8.O-O-O h6
9.Nxc6 bxc6 10.Bf4 d5 11.Qe3 Bb4 12.a3 Be7 13.Be2 O-O 14.Qg3 Kh8 15.Bc7 Qd7
16.Be5 Qb7 17.exd5 cxd5 18.Rd4 Ne8 19.Bd3 Bf6 20.Re1 Bd7 21.Rb4 Qc8 22.Rg4 Qd8
23.Bxf6 Qxf6 24.Rf4 Qd8 25.Re5 Nf6 26.Qf3 Bc6 27.g4 Qd6 28.Qe3 Nd7 29.Rh5 e5
30.Rff5 e4 31.Nxd5 exd3 32.Nf6 Nxf6 33.Rxh6+ Kg8 34.Rfxf6 gxf6 35.Qh3 Qf4+  0-1

[Event "Rishon Le Ziyyon 9798"]
[Site "Rishon Le Ziyyon"]
[Date "1997.12.26"]
[Round "2"]
[White "Bitansky, Igor"]
[Black "Khasin, Alexander"]
[Result "1/2-1/2"]
[WhiteElo "2320"]
[BlackElo "2505"]

1.e4 c5 2.Nf3 Nc6 3.d4 cxd4 4.Nxd4 Nf6 5.Nc3 d6 6.Bg5 e6 7.Qd2 a6 8.O-O-O Bd7
9.Kb1 Be7 10.f3 Rc8 11.g4 h5 12.gxh5 Nxh5 13.Bxe7 Qxe7 14.Rg1 Nxd4 15.Qxd4 Rc6
16.e5 d5 17.f4 Qc5 18.f5 exf5 19.Qxd5 Qxd5 20.Nxd5 Be6 21.Bg2 Rc5 22.b3 g6
23.Rd4 Bxd5 24.Bxd5 Nf4 25.Bc4 b5 26.Rgd1 O-O 27.Rxf4 bxc4 28.Rxc4 Rxc4 29.bxc4 Rc8
30.Rd6 Rxc4 31.Rxa6 Kg7 32.e6 fxe6 33.Rxe6 f4 34.Kc1 Kh6  1/2-1/2

[Event "FIDE Candidates (Women)"]
[Site "Groningen"]
[Date "1997.12.27"]
[Round "16"]
[White "Xie Jun"]
[Black "Galliamova, Alisa"]
[Result "1/2-1/2"]
[WhiteElo "2495"]
[BlackElo "2445"]

1.e4 c5 2.Nf3 Nc6 3.d4 cxd4 4.Nxd4 Nf6 5.Nc3 d6 6.Bg5 e6 7.Qd2 a6 8.O-O-O Bd7
9.f4 b5 10.Bxf6 gxf6 11.f5 Qb6 12.Nxc6 Bxc6 13.fxe6 fxe6 14.Qf4 h5 15.Qxf6 Qe3+
16.Kb1 Rh6 17.Qf3 Qxf3 18.gxf3 Rf6 19.Bg2 Ke7 20.Ne2 Bh6 21.Rhf1 Rg8 22.Bh1 b4
23.Rg1 Rxg1 24.Rxg1 Be3 25.Rd1 h4 26.c3 bxc3 27.b3  1/2-1/2

[Event "FIDE Candidates (Women)"]
[Site "Groningen"]
[Date "1997.12.28"]
[Round "17"]
[White "Ioseliani, Nana"]
[Black "Galliamova, Alisa"]
[Result "1-0"]
[WhiteElo "2520"]
[BlackElo "2445"]

1.e4 c5 2.Nf3 d6 3.d4 cxd4 4.Nxd4 Nf6 5.Nc3 Nc6 6.Bg5 e6 7.Qd2 a6 8.O-O-O Bd7
9.f3 Qc7 10.Kb1 Be7 11.h4 h6 12.Be3 h5 13.Bg5 Ne5 14.f4 Neg4 15.g3 b5 16.Re1 O-O
17.Bh3 Rfe8 18.Rhf1 Rac8 19.a3 Qb6 20.Bxg4 hxg4 21.Nb3 a5 22.Bxf6 Bxf6 23.e5 Be7
24.f5 exf5 25.Nd5 Qa6 26.Nxe7+ Rxe7 27.exd6 Re4 28.Rxe4 fxe4 29.Qf4 f5 30.h5 Rc6
31.h6 Rxd6 32.Qg5 Rxh6 33.Qd8+ Kh7 34.Qxd7 b4 35.Qxf5+ Kh8 36.Rd1  1-0

[Event "Rishon Le Ziyyon 9798"]
[Site "Rishon Le Ziyyon"]
[Date "1997.12.31"]
[Round "7"]
[White "Gofshtein, Leonid D"]
[Black "Khasin, Alexander"]
[Result "1-0"]
[WhiteElo "2545"]
[BlackElo "2505"]

1.e4 c5 2.Nf3 Nc6 3.d4 cxd4 4.Nxd4 Nf6 5.Nc3 d6 6.Bg5 e6 7.Qd2 a6 8.O-O-O h6
9.Nxc6 bxc6 10.Bf4 d5 11.Qe3 Be7 12.Be2 O-O 13.h4 Bb4 14.e5 Bxc3 15.Qxc3 Ne4
16.Qe3 f6 17.f3 fxe5 18.Bxe5 Nf6 19.g4 Qe7 20.g5 Nd7 21.f4 Nxe5 22.fxe5 Qa7
23.Qd3 h5 24.Bxh5 Bd7 25.Rdf1 Qc7 26.Qe2 c5 27.c4 d4 28.Bg6 Be8 29.Rxf8+ Kxf8
30.Qf3+ Ke7 31.Qxa8 Bxg6 32.Re1 Qb6 33.Rf1 Qb4 34.Qf8+  1-0

[Event "Viking op"]
[Site "Aaland-Stockholm"]
[Date "1997.??.??"]
[Round "?"]
[White "Stefansson, Hannes"]
[Black "Greenfeld, Alon"]
[Result "1-0"]
[WhiteElo "2545"]
[BlackElo "2540"]

1.e4 c5 2.Nf3 d6 3.d4 cxd4 4.Nxd4 Nf6 5.Nc3 Nc6 6.Bg5 e6 7.Qd2 a6 8.O-O-O h6
9.Be3 Be7 10.f4 Nxd4 11.Bxd4 b5 12.Kb1 b4 13.Bxf6 Bxf6 14.Ne2 Ra7 15.g4 g5
16.Nd4 Qb6 17.Nf3 Rc7 18.fxg5 hxg5 19.e5 Bb7 20.Bg2 dxe5 21.Nxg5 Qd4 22.Qe1 Qxg4
23.Bxb7 Bxg5 24.Qxe5  1-0

[Event "Viking op"]
[Site "Aaland-Stockholm"]
[Date "1997.??.??"]
[Round "?"]
[White "Sax, Gyula"]
[Black "Stefansson, Hannes"]
[Result "1/2-1/2"]
[WhiteElo "2570"]
[BlackElo "2545"]

1.e4 c5 2.Nf3 d6 3.d4 cxd4 4.Nxd4 Nf6 5.Nc3 Nc6 6.Bg5 e6 7.Qd2 a6 8.O-O-O h6
9.Be3 Be7 10.f3 Nxd4 11.Bxd4 b5 12.Kb1 Rb8 13.Bd3 b4 14.Ne2 e5 15.Ba7 Rb7
16.Bf2 Be6 17.Nc1 a5 18.Ba6 Rb8 19.g4 Qc7 20.h4 Nd7 21.Be2 Nc5 22.b3 a4 23.Bxc5 Qxc5
24.Nd3 Qa5 25.Nb2 O-O 26.Nc4 Qa7 27.Qe3 Qc7 28.g5 h5 29.Rd2 Rfd8 30.Rhd1 Qc6
31.Qa7 Kf8 32.Qe3 Kg8 33.Qa7 Kf8  1/2-1/2

[Event "Skolernes Skakklub op"]
[Site "Aarhus"]
[Date "1997.??.??"]
[Round "5"]
[White "Nicolaisen, Erik"]
[Black "Madsen, Peder"]
[Result "1/2-1/2"]
[WhiteElo "2035"]
[BlackElo "2175"]

1.Nf3 d6 2.e4 c5 3.d4 cxd4 4.Nxd4 Nf6 5.Nc3 Nc6 6.Bg5 e6 7.Qd2 h6 8.Bh4 Be7
9.O-O-O a6 10.f4 Qc7 11.Nf3 O-O 12.Kb1 Rd8 13.Bd3 d5 14.e5 Nd7 15.Bxe7 Nxe7
16.g4 Nc5 17.Qf2 Nxd3 18.cxd3 b5 19.Rc1 Qa7 20.d4 Bd7 21.Qd2 Rdc8 22.Ne2 Rxc1+
23.Rxc1 Rc8 24.Rxc8+ Bxc8 25.Nc1 a5 26.Nb3 b4 27.Nc5 Ba6 28.Qc2 g6 29.Nh4 Qb6
30.Qf2 Qb5 31.f5 gxf5 32.gxf5 Nxf5 33.Nxf5 exf5 34.Qxf5 Qe2  1/2-1/2

[Event "Alicante op"]
[Site "Alicante"]
[Date "1997.??.??"]
[Round "6"]
[White "De la Villa Garcia, Jesus Maria"]
[Black "Alderete, Rigoberto"]
[Result "1-0"]
[WhiteElo "2495"]
[BlackElo "2255"]

1.e4 c5 2.Nf3 d6 3.d4 cxd4 4.Nxd4 Nf6 5.Nc3 Nc6 6.Bg5 a6 7.Qd2 Qb6 8.Nb3 e6
9.O-O-O Bd7 10.f3 Qc7 11.Kb1 Be7 12.Be3 Na5 13.Nxa5 Qxa5 14.g4 Rc8 15.h4 h6
16.Bh3 d5 17.g5 Bb4 18.Bd4 Nh5 19.Bg4 Qc7 20.Bxh5 e5 21.Nxd5  1-0

[Event "Terres Catalanes 15th"]
[Site "Ampuriabrava"]
[Date "1997.??.??"]
[Round "1"]
[White "Vehi Bach, Victor Manuel"]
[Black "Ubilava, Elizbar"]
[Result "1/2-1/2"]
[WhiteElo "2395"]
[BlackElo "2520"]

1.e4 c5 2.Nf3 d6 3.d4 Nf6 4.Nc3 cxd4 5.Nxd4 Nc6 6.Bg5 Bd7 7.Qd2 Rc8 8.f4 h6
9.Bxf6 gxf6 10.O-O-O Nxd4 11.Qxd4 Qa5 12.Be2 Qc5 13.Qd2 e6 14.f5 h5 15.Kb1 Qe5
16.Bf3 h4 17.Qf2 Qc5 18.Qd2 Qe5 19.Qf2 Qc5 20.Qd2  1/2-1/2

[Event "Andorra op"]
[Site "Andorra"]
[Date "1997.??.??"]
[Round "2"]
[White "Camino, Nicanor"]
[Black "Delchev, Aleksander"]
[Result "0-1"]
[WhiteElo "2205"]
[BlackElo "2515"]

1.e4 c5 2.Nf3 d6 3.d4 cxd4 4.Nxd4 Nf6 5.Nc3 Nc6 6.Bg5 e6 7.Qd2 a6 8.O-O-O h6
9.Be3 Bd7 10.f3 b5 11.Nxc6 Bxc6 12.Qf2 Qc7 13.Bb6 Qb7 14.Bd4 e5 15.Be3 b4
16.Nb1 d5 17.exd5 Bxd5 18.b3 Be7 19.Qg3 a5 20.Qxe5 O-O 21.Qd4 a4 22.Qb6 Qc8
23.Qd4 axb3 24.axb3 Bxb3 25.Qb2 Be6 26.Qe5 Ra2 27.Bd3 b3 28.c3 Nd7 29.Qe4 Ba3+  0-1

[Event "Ano Liosia op"]
[Site "Ano Liosia"]
[Date "1997.??.??"]
[Round "4"]
[White "Pandavos, Panayotis"]
[Black "Eftimakis, Dimitros"]
[Result "0-1"]
[WhiteElo "2370"]
[BlackElo "2120"]

1.e4 c5 2.Nf3 d6 3.d4 cxd4 4.Nxd4 Nf6 5.Nc3 Nc6 6.Bg5 e6 7.Qd2 a6 8.O-O-O h6
9.Bf4 Bd7 10.Nxc6 Bxc6 11.f3 d5 12.Qe1 Bb4 13.Bd2 d4 14.Ne2 Bxd2+ 15.Qxd2 e5
16.g4 Rc8 17.Ng3 g6 18.Bd3 Qc7 19.h4 h5 20.gxh5 Nxh5 21.Nxh5 Rxh5 22.Rdg1 Ke7
23.Rg4 Bd7 24.Rg5 Rch8 25.Rxh5 Rxh5 26.Be2 g5 27.Rg1 gxh4 28.f4 Rh8 29.f5 Qb6
30.Kd1 h3 31.Qg5+ Qf6 32.Qg3 Bc6 33.Bf3 Kd6 34.Rh1 Qh4 35.Qxh4 Rxh4 36.Rh2 Ke7
37.Kd2 Kf6 38.Re2 Kg5 39.Ke1 Rf4  0-1

[Event "Arco di Trento op2"]
[Site "Arco di Trento"]
[Date "1997.??.??"]
[Round "8"]
[White "Samaritani, Fabio"]
[Black "Estremera Panos, Sergio"]
[Result "0-1"]
[WhiteElo "2220"]
[BlackElo "2430"]

1.e4 c5 2.Nf3 d6 3.d4 cxd4 4.Nxd4 Nf6 5.Nc3 Nc6 6.Bg5 e6 7.Qd2 h6 8.Bxf6 gxf6
9.Be2 h5 10.f4 a6 11.O-O-O Qb6 12.Nb3 Bd7 13.Na4 Qc7 14.Qe3 Nb4 15.Nc3 b5
16.Qd4 Nc6 17.Qxf6 Rh6 18.Qg5 b4 19.Nb1 a5 20.a4 bxa3 21.Nxa3 Rg6 22.Qxh5 a4
23.Nd4 Nxd4 24.Rxd4 Bg7 25.Nb5 Bxb5 26.Qxb5+ Kf8 27.Rc4 Qa7 28.Qc6 Rxg2 29.Bf3 Rf2
30.Qxd6+ Kg8 31.Qd3 a3 32.bxa3 Qxa3+ 33.Qxa3 Rxa3 34.e5 Raxf3  0-1

[Event "AUT-chT2S 9697"]
[Site "Austria"]
[Date "1997.??.??"]
[Round "10"]
[White "Siklosi, Zoltan"]
[Black "Tratar, Marko"]
[Result "0-1"]
[WhiteElo "2395"]
[BlackElo "2420"]

1.e4 c5 2.Nf3 d6 3.d4 cxd4 4.Nxd4 Nf6 5.Nc3 Nc6 6.Bg5 e6 7.Qd2 a6 8.O-O-O Bd7
9.f3 Be7 10.h4 b5 11.g4 O-O 12.Nxc6 Bxc6 13.Bd3 b4 14.Ne2 a5 15.Nd4 Bd7 16.Kb1 Qb8
17.f4 a4 18.f5 b3 19.Rhg1 Rc8 20.c3 a3 21.Nxb3 axb2 22.Qxb2 d5 23.exd5 Ba3
24.Qc2 Nxd5 25.c4 Nb4 26.Qe2 Nxa2 27.Qxa2 Bd6 28.Qc2 Be5 29.Kc1 Ba4 30.fxe6 Bxb3
31.exf7+ Kf8 32.Qf2 Ra1+ 33.Bb1 Rxb1+ 34.Kxb1 Bxc4+ 35.Kc1 Bb3+ 36.Kd2 Rc2+
37.Ke1  0-1

[Event "SCO-ch"]
[Site "Aviemore"]
[Date "1997.??.??"]
[Round "7"]
[White "Bryson, Douglas M"]
[Black "Parkin, James"]
[Result "1-0"]
[WhiteElo "2375"]
[BlackElo "2035"]

1.e4 c5 2.Nf3 d6 3.d4 cxd4 4.Nxd4 Nf6 5.Nc3 Nc6 6.Bg5 e6 7.Qd2 a6 8.O-O-O h6
9.Be3 Bd7 10.f4 Be7 11.Kb1 b5 12.Bd3 Qc7 13.h3 b4 14.Nce2 Qb7 15.g4 a5 16.Ng3 a4
17.Qe2 Ra5 18.Nxc6 Bxc6 19.Bc1 Nd7 20.h4 b3 21.cxb3 axb3 22.a3 Ra4 23.Be3 Nf6
24.Rc1 Nxe4 25.Nh5 O-O 26.Rhg1 Nf6 27.Nxf6+ Bxf6 28.g5 Bf3 29.gxf6 g6 30.Qf2 Qd5
31.Rc3 Rfa8 32.Bc1 Rd4 33.Bxg6 fxg6 34.Qxf3 Qf5+ 35.Ka1 Rda4 36.Rxb3 Qxf6
37.Qd3 Kf7 38.Rb7+ Kf8 39.Qxd6+  1-0

[Event "Wch Seniors"]
[Site "Bad Wildbad"]
[Date "1997.??.??"]
[Round "6"]
[White "Klovans, Janis"]
[Black "Arkhangelsky, Boris"]
[Result "1/2-1/2"]
[WhiteElo "2465"]
[BlackElo "2405"]

1.e4 c5 2.Nf3 Nc6 3.d4 cxd4 4.Nxd4 Nf6 5.Nc3 d6 6.Bg5 e6 7.Qd2 a6 8.O-O-O Bd7
9.f4 Be7 10.Nf3 b5 11.Bxf6 Bxf6 12.Qxd6 Be7 13.Qd2 b4 14.Ne2 Ra7 15.Kb1 Qb6
16.Ng3 O-O 17.Bd3 a5 18.f5 b3 19.cxb3 a4 20.Nh5 axb3 21.a3 exf5 22.Qc3 f6
23.e5 Na5 24.exf6 Bxf6 25.Nxf6+ Qxf6 26.Qc5 Raa8 27.Rhe1 Kh8 28.Ne5 Be6 29.g3 g6
30.Qe3 Rfe8 31.Bb5 Red8 32.Rxd8+ Rxd8 33.Qb6 Kg7 34.Qxa5 Qxe5 35.Qc3 Qxc3
36.bxc3 Kf6 37.Re2 g5 38.Kb2 f4 39.gxf4 gxf4 40.c4 f3 41.Rf2 Rd3 42.c5 Re3
43.c6 Ke7 44.Rd2 Re5 45.a4 Rc5 46.Bd3 Rxc6 47.Bxh7 Rc4 48.a5 Ra4 49.Kc3 Rc4+
50.Kb2 Ra4 51.Kc3 Kf6 52.a6 Ke5 53.Bd3 Kf4 54.Bb5 Ra2  1/2-1/2

[Event "Bad Woerishofen op"]
[Site "Bad Woerishofen"]
[Date "1997.??.??"]
[Round "3"]
[White "Vuckovic, Aleksandar"]
[Black "Lerner, Konstantin Z"]
[Result "0-1"]
[WhiteElo "2295"]
[BlackElo "2570"]

1.e4 c5 2.Nf3 d6 3.d4 cxd4 4.Nxd4 Nf6 5.Nc3 Nc6 6.Bg5 e6 7.Be2 Be7 8.O-O O-O
9.Be3 a6 10.Kh1 Nxd4 11.Qxd4 b5 12.f4 Bb7 13.a4 Rb8 14.axb5 axb5 15.e5 b4
16.exf6 Bxf6 17.Qd2 bxc3 18.bxc3 Qc7 19.Bd4 e5 20.fxe5 dxe5 21.Rxf6 gxf6
22.Qh6 Be4 23.Bf2 Qxc3 24.Rg1 Qxc2 25.Bf3 Rb1 26.Qxf6 Rxg1+ 27.Bxg1 Bxf3
28.gxf3 Re8 29.h4 Qg6  0-1